Možnosti inovatívneho rozvoja cestovného ruchu v Turčianskom regióne s využitím klastra diplomová práca

Uložené v:
Podrobná bibliografia
Hlavný autor: Piačeková, Lenka
Korporativný autor: Obchodná fakulta EU. Katedra služieb a cestovného ruchu - zrušené
Ďalší autori: Pachingerová, Mária
Médium: Kniha
Jazyk:Slovak
Vydavateľské údaje: Bratislava 2011
Tagy: Pridať tag
Žiadne tagy, Buďte prvý, kto otaguje tento záznam!

MARC

LEADER 00000nbm a2200000 4500
001 0140328
005 20161109101926.7
041 0 |a slo 
044 |a SK 
245 1 0 |a Možnosti inovatívneho rozvoja cestovného ruchu v Turčianskom regióne s využitím klastra  |b diplomová práca  |c Lenka Piačeková ; školiteľ: Mária Pachingerová 
264 1 |a Bratislava  |c 2011 
300 |a 87 s. 
100 1 |a Piačeková, Lenka 
700 1 |a Pachingerová, Mária 
710 2 |a Obchodná fakulta EU. Katedra služieb a cestovného ruchu - zrušené